<?xml version="1.0" encoding="UTF-8"?><?xml-stylesheet type="text/xsl" href="static/style.xsl"?><OAI-PMH xmlns="http://www.openarchives.org/OAI/2.0/" xmlns:xsi="http://www.w3.org/2001/XMLSchema-instance" xsi:schemaLocation="http://www.openarchives.org/OAI/2.0/ http://www.openarchives.org/OAI/2.0/OAI-PMH.xsd"><responseDate>2026-06-30T04:54:29Z</responseDate><request verb="GetRecord" identifier="oai:riubu.ubu.es:10259/11500" metadataPrefix="marc">https://riubu.ubu.es/oai/request</request><GetRecord><record><header><identifier>oai:riubu.ubu.es:10259/11500</identifier><datestamp>2026-04-11T00:05:26Z</datestamp><setSpec>com_10259_8005</setSpec><setSpec>com_10259_5086</setSpec><setSpec>com_10259_2604</setSpec><setSpec>col_10259_8021</setSpec></header><metadata><record xmlns="http://www.loc.gov/MARC21/slim" xmlns:doc="http://www.lyncode.com/xoai" xmlns:xsi="http://www.w3.org/2001/XMLSchema-instance" xmlns:dcterms="http://purl.org/dc/terms/" xsi:schemaLocation="http://www.loc.gov/MARC21/slim http://www.loc.gov/standards/marcxml/schema/MARC21slim.xsd">
<leader>00925njm 22002777a 4500</leader>
<datafield tag="042" ind1=" " ind2=" ">
<subfield code="a">dc</subfield>
</datafield>
<datafield tag="720" ind1=" " ind2=" ">
<subfield code="a">Hortigüela Arroyo, María</subfield>
<subfield code="e">author</subfield>
</datafield>
<datafield tag="720" ind1=" " ind2=" ">
<subfield code="a">Pérez Castaños, Sergio</subfield>
<subfield code="e">author</subfield>
</datafield>
<datafield tag="260" ind1=" " ind2=" ">
<subfield code="c">2025</subfield>
</datafield>
<datafield tag="520" ind1=" " ind2=" ">
<subfield code="a">En los últimos años, el aprendizaje basado en juegos (game-based learning, GBL en sus siglas en inglés) ha captado una atención creciente entre docentes e investigadores debido a su potencial para incrementar la motivación del alumnado y mejorar los resultados de aprendizaje. Diversas revisiones sistemáticas han documentado sólidamente los beneficios de los videojuegos educativos —es decir, aquellos diseñados explícitamente con fines formativos— en términos tanto de motivación como de adquisición de conocimientos.</subfield>
</datafield>
<datafield tag="024" ind2=" " ind1="8">
<subfield code="a">979-13-7006-500-3</subfield>
</datafield>
<datafield tag="024" ind2=" " ind1="8">
<subfield code="a">https://hdl.handle.net/10259/11500</subfield>
</datafield>
<datafield tag="245" ind1="0" ind2="0">
<subfield code="a">Videojuegos y estadística en ciencia política: estudio exploratorio con sgame para la gamificación del aprendizaje</subfield>
</datafield>
</record></metadata></record></GetRecord></OAI-PMH>